| 000 | 00603nam a22002057a 4500 | ||
|---|---|---|---|
| 003 | FEu | ||
| 005 | 20140310182810.0 | ||
| 008 | 130218t xxu||||| |||| 00| 0 eng d | ||
| 020 | _a978-9-71584971-5 | ||
| 050 |
_aQH 332 _b.B34 2010 |
||
| 082 |
_aFil QH 332 _bB3 2010 |
||
| 100 | _aBabor, Eddie R. | ||
| 245 |
_aBioethics _ba philosophical journey and a critical analysis into the life sciences: a guide to healthcare _cEddie R. Babor |
||
| 250 | _a2nd ed. | ||
| 260 |
_aQuezon CIty _bC & E Pub. _c2010 |
||
| 300 |
_a258 p. : _c21.8 cm. |
||
| 562 | _e1 | ||
| 942 |
_2lcc _cBK _kFOR |
||
| 999 |
_c16153 _d16153 |
||